Marketing Management (Record no. 4973)
[ view plain ]
| 000 -LEADER | |
|---|---|
| fixed length control field | 00333nam a2200145Ia 4500 |
| 008 - FIXED-LENGTH DATA ELEMENTS--GENERAL INFORMATION | |
| fixed length control field | 191201s2011 xx 000 0 und d |
| 082 ## - DEWEY DECIMAL CLASSIFICATION NUMBER | |
| Classification number | 658.8 |
| Item number | MAM |
| 100 ## - MAIN ENTRY--PERSONAL NAME | |
| Personal name | MADAN,Pankaj |
| 245 #0 - TITLE STATEMENT | |
| Title | Marketing Management |
| 250 ## - EDITION STATEMENT | |
| Edition statement | Rep |
| 260 ## - PUBLICATION, DISTRIBUTION, ETC. (IMPRINT) | |
| Place of publication, distribution, etc | N. Delhi |
| Name of publisher, distributor, etc | Global Vision Pub |
| Date of publication, distribution, etc | 2011 |
| 300 ## - PHYSICAL DESCRIPTION | |
| Extent | 616 |
| 650 ## - SUBJECT ADDED ENTRY--TOPICAL TERM | |
| Topical term or geographic name as entry element | BBA |
| 942 ## - ADDED ENTRY ELEMENTS (KOHA) | |
| Source of classification or shelving scheme | Dewey Decimal Classification |
| Koha item type | Text Books |
| Withdrawn status | Lost status | Source of classification or shelving scheme | Damaged status | Not for loan | Collection code | Home library | Current library | Date acquired | Source of acquisition | Cost, normal purchase price | Bill Number | Total Checkouts | Full call number | Acc. no. / Barcode | Date last seen | Date last borrowed | Bill Date | Koha item type | Public note |
|---|---|---|---|---|---|---|---|---|---|---|---|---|---|---|---|---|---|---|---|
| Dewey Decimal Classification | BBA | PIET C-LIBRARY | PIET C-LIBRARY | 30/07/2011 | The book company | 380.00 | IN-859 | 5 | 658.8 MAM | 18121 | 03/12/2025 | 02/12/2025 | 27/07/2011 | Text Books | . | ||||
| Dewey Decimal Classification | BBA | PIET C-LIBRARY | PIET C-LIBRARY | 30/07/2011 | The book company | 380.00 | IN-859 | 3 | 658.8 MAM | 18122 | 04/05/2023 | 02/05/2023 | 27/07/2011 | Text Books | |||||
| Dewey Decimal Classification | BBA | PIET C-LIBRARY | PIET C-LIBRARY | 30/07/2011 | The book company | 380.00 | IN-859 | 1 | 658.8 MAM | 18123 | 27/04/2024 | 26/04/2024 | 27/07/2011 | Text Books | |||||
| Dewey Decimal Classification | BBA | PIET C-LIBRARY | PIET C-LIBRARY | 30/07/2011 | The book company | 380.00 | IN-859 | 4 | 658.8 MAM | 18124 | 18/11/2024 | 04/11/2024 | 27/07/2011 | Text Books | |||||
| Dewey Decimal Classification | BBA | PIET C-LIBRARY | PIET C-LIBRARY | 30/07/2011 | The book company | 380.00 | IN-859 | 658.8 MAM | 18125 | 04/12/2019 | 27/07/2011 | Text Books |